000 00370nab a22001097u 4500
008 130520b2007 xxu||||| |||| 00| 0 spa d
041 _aspa
100 1 _aHabel, Norman C.
_967597
245 0 0 _aEl síndrome de la tierra prometida: Josué, la justicia y la ecojusticia
_cNorman C. Habel
773 0 _tConcilium
_gnº320,2007,págs. 119-128
_x0210-1041
_wRev134
942 _cAR
999 _c380926
_d380926